00865nam a22002417a 4500003000500000005001700005008004100022010001000063011001000073035001100083040000900094100003200103245012100135260003700256300003900293502012600332650002000458650003500478650002500513650002600538650002800564650003100592CHAP20220329143224.0070420d2005 mx r 00110 spa d a93517 a94489 a105080 cCHAP1 aPérez Ramírez, Adriana.10aControl biológico de mosquita blanca con fitoextractos y hongos entomopatógenosc/ por Adriana Pérez Ramírez aCocula, Gro. :bEl autor,c2005. a67 h. :bilus.; Gráfs.; cuadros, aTesis (Ing. Agr. Fitotecnista) - - Colegio Superior Agropecuario del Estado de Guerrero. Centro de Estudios Profesionales14aBemisia tabaci.14aControl biológico de plagas.14aExtractos vegetales.14aHongos entomógenos.14aHongos fitopatógenos.14aInsecticidas biológicos.